|
|
|
|
| LEADER |
00000nab a2200000 a 4500 |
| 001 |
vtls000684283 |
| 003 |
SK-MaSNL |
| 005 |
20260304100226.0 |
| 008 |
250425c1998 xo 0 slo |
| 015 |
|
|
|a SNBRB1999/02-04460
|
| 035 |
|
|
|a CLN000036450
|
| 035 |
|
|
|a urn:nbn:sk:snk-ab2rma
|
| 035 |
|
|
|a (urnnbn)urn:nbn:sk:snk:ar-a02uhi
|
| 035 |
|
|
|a (uuid)e39e29d7-13cd-4263-a612-dfe967e2aa33
|
| 040 |
|
|
|a SNKBUCL
|b slo
|c SNKBUCL
|e AACR2
|
| 041 |
0 |
|
|a slo
|
| 044 |
|
|
|a xo
|c SK
|
| 080 |
|
|
|a 82.0
|2 1997
|
| 245 |
0 |
0 |
|a Záznam diskusie o knihe Pavla Koprdu Vico a Tozzi
|c A. Bžoch ... [et al.]
|
| 600 |
1 |
7 |
|a Koprda, Pavol,
|d 1947-
|t Vico a Tozzi o odstupe od označovacieho vzťahu
|2 snkbucl
|9 248102
|
| 655 |
|
7 |
|a články z novín a časopisov
|2 snkbucl
|9 267496
|
| 700 |
1 |
|
|a Gazdík, Marián,
|d 1965-
|4 aut
|9 208654
|
| 700 |
1 |
|
|a Bžoch, Adam,
|d 1966-
|4 aut
|9 97719
|
| 700 |
1 |
|
|a Koprda, Pavol,
|d 1947-
|4 aut
|9 107014
|
| 700 |
1 |
|
|a Suwara, Bogumiła,
|d 1957-
|4 aut
|9 112423
|
| 773 |
0 |
|
|t Slovak review
|g Roč. 7, č. 2 (1998), s. 162-168
|x 1335-0544
|
| 850 |
|
|
|a Slovenská národná knižnica
|
| 852 |
|
|
|a Slovenská národná knižnica
|
| 954 |
|
|
|a odborná, vedecká literatúra pôvodná (slovenská)
|2 lita
|
| 958 |
|
|
|a article27
|
| 958 |
|
|
|a LX
|
| 958 |
|
|
|a IT
|
| 958 |
|
|
|a OND
|
| 958 |
|
|
|a EUIPO
|
| 992 |
|
|
|a RBX
|
| 999 |
|
|
|c 2836922
|d 2838852
|